Statistiken für NFL-Spieler erkennen

Klicken Sie hier um das Quiz zu spielen!

Allgemein

  • Dieses Quiz wurde 719 mal gespielt
  • Das Durchschnittsergebnis liegt bei 14 aus 20

Antwortstatistiken

Antwort% Korrekt
Patrick Mahomes
99%
Tom Brady
99%
Lamar Jackson
93%
Travis Kelce
92%
Derrick Henry
86%
Russell Wilson
86%
JJ Watt
82%
George Kittle
80%
DeAndre Hopkins
76%
Nick Bosa
73%
Alvin Kamara
72%
Carson Wentz
68%
Adam Thielen
66%
Bobby Wagner
65%
Tyrann Mathieu
58%
Stephon Gilmore
57%
Khalil Mack
52%
Terry McLaurin
51%
Jarvis Landry
42%
Saquon Barkley
42%

Verteilung der Resultate

Perzentil nach korrekt beantworteten Fragen

Anzahl Personen mit jedem Resultat

Ihre Resultats-Entwicklung

Sie haben dieses Quiz noch nicht gespielt